| 000 | 01458nam a2200361Ia 4500 | ||
|---|---|---|---|
| 001 | ebr10570740 | ||
| 003 | CaPaEBR | ||
| 006 | m u | ||
| 007 | cr cn||||||||| | ||
| 008 | 111230s2012 nju sb 001 0 eng d | ||
| 010 | _z 2011052328 | ||
| 020 | _z9780470505427 | ||
| 020 | _z9781118275290 | ||
| 040 |
_aCaPaEBR _cCaPaEBR |
||
| 035 | _a(OCoLC)835997099 | ||
| 050 | 1 | 4 |
_aTA455.P58 _bR63 2012eb |
| 082 | 0 | 4 |
_a668.9 _223 |
| 100 | 1 |
_aBrazel, Christopher S., _d1970- |
|
| 245 | 1 | 0 |
_aFundamental principles of polymeric materials _h[electronic resource] / _cChristopher S. Brazel, Stephen L. Rosen. |
| 250 | _a3rd ed. | ||
| 260 |
_aHoboken, New Jersey : _bWiley, _c2012. |
||
| 300 | _axvii, 407 p. | ||
| 500 | _aRevised edition of: Fundamental principles of polymeric materials / Stephen L. Rosen. 2nd ed. c1993. | ||
| 504 | _aIncludes bibliographical references and index. | ||
| 533 |
_aElectronic reproduction. _bPalo Alto, Calif. : _cebrary, _d2011. _nAvailable via World Wide Web. _nAccess may be limited to ebrary affiliated libraries. |
||
| 650 | 0 | _aPolymers. | |
| 650 | 0 | _aPolymer engineering. | |
| 655 | 7 |
_aElectronic books. _2local |
|
| 700 | 1 |
_aRosen, Stephen L., _d1937- |
|
| 700 | 1 |
_aRosen, Stephen L., _d1937- _tFundamental principles of polymeric materials. |
|
| 710 | 2 | _aebrary, Inc. | |
| 856 | 4 | 0 |
_uhttp://site.ebrary.com/lib/rucke/Doc?id=10570740 _zAn electronic book accessible through the World Wide Web; click to view |
| 999 |
_c81298 _d81298 |
||